01741nam a2200241 a 450000500170000000800410001704100080005804400070006609000160007324501070008926001030019630000100029952010000030965000210130965000310133065000260136165000140138765000260140165000280142794200140145594500150146999900150148420180803165405.0140129b2007 ck ||||| |||| 00| 0 spa d aspa ack aIAVHb01014 aCalendario Ambiental Corredor Biológico Río Blanco - Torre IV ( Cuenca Alta del Río Chinchiná) aBogotábInstituto Alexander von HumboldtbCoorpocaldasbFundación PangeabPROCUENCAbFAOc2007 a28 p. aEl calendario Ambiental 2008 - 2009 Corredor Biológico Río Blanco - Torre IV (Cuenca Alta del Río Chinchiná), hace parte de las socialización de los resultados del proceso de conservación del recurso hídrico en la Cuenca Alta del río Chinchiná, que permitió establecer el corredor biológico entre las resevas forestales Chec, Torre IV y Río Blanco y cuyo resultado fue la caracterización biológica y socio-económica de una ventana de 2.500 hectáreas en la cuenca lata del río Chinchiná, generando la línea base biológica y socioeconómica fundamental para el desarrollo de la estrategia de conservación; a partir de lo cual se diseñaron las HMP, la elaboración del mapa del corredor que conectará a San Pablo con las reservas de Río Blanco, Torre IV, y la Chec y como primera fase de establecimiento del corredor biológico en la vereda el Paraíso, se aislaron 5.85 km. de quebradas y se establecieron 7 nuevas hectáreas de conservación. aCalendario95729 aCorredor Biológico95019 aSocialización95730 aHMP92851 aConservación992401 aRecurso hídrico93128 cCD-ROM2z d2008-09-24 c6609d6609